000 00535nam a2200193Ia 4500
999 _c15048
_d15048
003 OSt
005 20201113155443.0
008 190216s9999||||xx |||||||||||||| ||und||
020 _a0521548624
040 _coclc
082 _a428.24
_bAMI/G
100 _aAmin, A
_96381
245 0 _aGrammar Builder /
_c A Amin ; R Eravelly ; F J Ibrahim
250 _a1st Ed.
260 _bCambridge Uty Press,
_c2004.
_aLondon:
300 _a263p
650 _aEnglish
942 _cBK
_2ddc
_h428.24
_iAMI/G
_k428.24
_mAMI/G